| 000 | 00487nam a22002057a 4500 | ||
|---|---|---|---|
| 003 | OSt | ||
| 005 | 20170105103441.0 | ||
| 008 | 120424t xxu||||| |||| 00| 0 eng d | ||
| 020 | _a0071243445 | ||
| 040 | _cASAB | ||
| 050 | _a572.8 ,WEA | ||
| 082 |
_23rd _a |
||
| 100 |
_aRobert f Weave _9116 |
||
| 245 |
_aMolecular Biology _cRobert F Weaver |
||
| 260 |
_aSr Louis _bmc Graw Hill |
||
| 300 | _a894 | ||
| 440 |
_aMolecular Biology _9117 |
||
| 650 |
_2Biology _9118 |
||
| 942 |
_2lcc _cBK |
||
| 999 |
_c16463 _d16463 |
||